| 000 | 00721nam a22001937a 4500 | ||
|---|---|---|---|
| 999 |
_c181022 _d181022 |
||
| 005 | 20210826112813.0 | ||
| 010 | _aUR-11211 | ||
| 020 |
_c591.00 _a9789390533282 |
||
| 035 | _aU-9766 | ||
| 037 | _bDBAD/PUB | ||
| 082 | _a841.08 | ||
| 100 | _aمحمد ا سلا م خا ن | ||
| 245 |
_aتنقيد بھی تحسين بھی(حنيف تر ين کی شا عر ی سے مکا لمہ) _cمحمد ا سلا م خا ن |
||
| 246 |
_aTanqeed Bhi Tehseen Bhi (Urdu) _bby Mohd. Islam Khan |
||
| 260 |
_aDelhi _c2020 ء _bEducational Publishing House |
||
| 270 |
_a3191,Vakil Street, Kucha Pandit Lal Kuan, _b Delhi _e110006 _l23216162 |
||
| 300 |
_a520 ص _c22 Cm(Hb) |
||
| 942 |
_2ddc _cUR _h841.08 _mم ح م |
||